Normal view
MARC view
- البنوك الاسلامية- المعاملات- الفقه الاسلامي- الاقتصاد الاسلامي
Entry Topical Term
001 - CONTROL NUMBER
- control field: 50834
003 - CONTROL NUMBER IDENTIFIER
- control field: JO-AjAnu
005 - DATE AND TIME OF LATEST TRANSACTION
- control field: 20230606082351.0
008 - FIXED-LENGTH DATA ELEMENTS
- fixed length control field: 230606|| aca||aabn | a|a d
040 ## - CATALOGING SOURCE
- Original cataloging agency: JO-AjAnu
- Transcribing agency: JO-AjAnu
150 ## - HEADING--TOPICAL TERM
- Topical term or geographic name entry element: البنوك الاسلامية- المعاملات- الفقه الاسلامي- الاقتصاد الاسلامي
670 ## - SOURCE DATA FOUND
- Source citation: Work cat.: (JO-AjAnu)25984: البنك الاسلامي الاردني, author 50833, الفتاوى الشرعية، ج2